| 000 | 00806nam a22001817a 4500 | ||
|---|---|---|---|
| 008 | 230605e20220526xxk|||||o||||o00| 0 eng d | ||
| 041 | _aeng | ||
| 245 |
_aHealthy Homes Bill 2022-23 (HL Bill 14) _h[Online publication] |
||
| 260 |
_bHouse of Lords, UK Parliament, _c26 May 2022 |
||
| 520 | _aA Bill to make provision for the delivery of healthy homes and neighbourhoods; to set out the principles that define a “healthy home”; to establish the office of the Healthy Homes Commissioner; and for connected purposes | ||
| 650 | _aLANDLORD AND TENANT | ||
| 650 | _aPROPERTY STANDARDS | ||
| 651 | _aUnited Kingdom | ||
| 690 |
_96252 _aLandlord and tenant |
||
| 690 |
_96266 _aResidential property |
||
| 856 |
_uhttps://bills.parliament.uk/bills/3171 _zAvailable on Parliament Bills site |
||
| 942 | _n0 | ||
| 999 |
_c121535 _d121535 |
||